| 000 | 00000nam 2200000zi 4500 |
| 001 | 9.904570 |
| 003 | CaOODSP |
| 005 | 20221107180603 |
| 006 | m o d f |
| 007 | cr ||||||||||| |
| 008 | 211102e202205##onca o f000 0 fre d |
| 020 | |a9780660407852 |
| 040 | |aCaOODSP|bfre|erda|cCaOODSP |
| 043 | |an-cn--- |
| 086 | 1 |aCC394-3/2022F-PDF |
| 245 | 00|aProtection de vos dépôts. |
| 264 | 1|a[Ottawa] : |bSociété d'assurance-dépôts du Canada, |cMai 2022. |
| 300 | |a1 ressource en ligne (1 page non numérotée) : |eillustrations |
| 336 | |atexte|btxt|2rdacontent/fre |
| 337 | |ainformatique|bc|2rdamedia/fre |
| 338 | |aressource en ligne|bcr|2rdacarrier/fre |
| 500 | |aPublié aussi en anglais sous le titre : Protecting your deposits. |
| 650 | 6|aAssurance-dépôts|zCanada. |
| 710 | 2 |aSociété d'assurance-dépôts du Canada, |eorganisme de publication. |
| 775 | 08|tProtecting your deposits.|w(CaOODSP)9.904569 |
| 776 | 0#|tProtection de vos dépôts. |w(CaOODSP)9.904574 |
| 794 | |tProtection de vos dépôts.|w(CaOODSP)9.915870 |
| 795 | |tProtection de vos dépôts. |w(CaOODSP)9.882446 |
| 856 | 40|qPDF|s77 Ko|uhttps://publications.gc.ca/collections/collection_2022/sadc-cdic/CC394-3-2022-fra.pdf |